Beabadoobee - the way things go - Statistics

General Stats
  • This quiz has been taken 406 times
  • The average score is 269 of 312
Answer Stats
Answer % Correct
the
99%
The
99%
A
98%
I
98%
guess
97%
Guess
97%
just
97%
go
96%
go"
96%
on
96%
that
96%
things
96%
you
96%
say,
95%
say
95%
to
95%
way
95%
that's
94%
"That's
94%
And
90%
and
90%
so
90%
know
89%
when
88%
do
87%
mind
87%
mind,
87%
your
87%
But
86%
but
86%
I'm
86%
much
86%
my
86%
bigger
85%
don't
85%
it
85%
there's
85%
There's
85%
guy
84%
left
84%
me
84%
love
82%
even
81%
is
81%
it's
81%
not
81%
too
81%
Let
80%
let
80%
Oh,
80%
remember
80%
try
80%
blind
79%
Can't
79%
ordinary,
79%
they
79%
want
79%
all
78%
face
78%
freckles
78%
how
78%
name
78%
count
77%
from
77%
alone
76%
far
76%
memory
74%
used
73%
distant
72%
was
72%
said
68%
called
65%
away
64%
fault
64%
still
64%
Miles
62%
train
62%
girl
59%
house
59%
only
57%
low
55%
Passed
55%
same
55%
stoop
55%
with
55%
you'd
53%
Getting
52%
lame,
52%
think
52%
Didn't
51%
ever
50%
pretty
50%
sometimes
49%
have,
47%
stay
47%
showed
46%
makes
44%
always
43%
In
43%
happy
38%
now,
38%
you'll
36%
ought
35%
route
26%
lousy
14%
No matching quizzes found
Score Distribution
Percent of People with Each Score
Percentile by Number Answered
Your Score History
You have not taken this quiz